000 00623nam a2200241Ia 4500
003 OSt
005 20221005023148.0
006 a|||||r|||| 00| 0
007 ta
008 221004b |||||||| |||| 00| 0 eng d
024 _a69702
037 _cTextual
040 _aCRL
_cCRL
_beng
041 _2eng
_aeng
082 _aY:45.2.'N9, N2
100 _aSubba Rao S H
_9579169
245 0 _aTerrorism and crimes in India
260 _aBangalore
_bGangarams
_c1992
300 _a211p.
_ccm.
650 _aSOCIOLOGY
942 _hY:45.2.'N9, N2
_cTEXL
_2cc
999 _c930698
_d930698